000 01087nam a22002297a 4500
005 20100731135820.0
010 _aHIN-89750
020 _a8181150562
_c150.00
037 _bDBAD/PUB
082 _a
100 _aभटनागर, सुकीर्ति
_91046
245 _aअहस्ताक्षरित संधि-पत्र /
_cसुकीर्ति भटनागर
246 _aAhastakshrit Sadhi-Patra
_bby Sukirti Bhatnagar
260 _aनई दिल्ली
_bइंडियन बुक बैंक
_c2009
270 _aआई-2/16, मेन अंसारी रोड़, दरियागंज
_bनई दिल्ली
_e110002
_k011-30188889
300 _a165पृ.
_c18सेमी (सजिल्द)
650 _bलघु कहानियाँ, हिन्दी
_923637
650 _bShort Stories, Hindi
_923638
700 _91054
942 _2ddc
_cHN
_h
_mभटना,
999 _c38407
_d38407